000 00482nam a2200193Ia 4500
005 20250423100120.0
008 250422s9999 xx 000 0 und d
020 _a9780071316323
050 _aP 90 .R63/
100 _aRodman, George
245 0 _aMass media in a changing world: history, industry, controversy
250 _a4th ed.
260 _aNew York
260 _bMcGraw-Hill Education
260 _c2012
300 _a498 p
650 _a Mass media.
942 _cBK
999 _c32330
_d32330